| Tag |
First Indicator |
Second Indicator |
Subfields |
| LEADER |
00000nam a2200000 4500 |
| 001 |
in00004288024 |
| 005 |
20200813080837.0 |
| 006 |
m g d |
| 007 |
cr bn |||a|bb| |
| 008 |
940401s1656 enk o 00| | eng d |
| 035 |
|
|
|a (UnM)99866383
|
| 037 |
|
|
|a CL0051000004
|b ProQuest Information and Learning. 300 N. Zeeb Rd., Ann Arbor, MI 48106
|
| 040 |
|
|
|a Cu-RivES
|c Cu-RivES
|d Uk-ES
|d CStRLIN
|e dcrb
|d WaOLN
|
| 100 |
1 |
|
|a Thorowgood, G.
|
| 245 |
1 |
0 |
|a Pray be not angry: or, The womens new law: :
|b With their several votes, orders, rules, and precepts, to the London-prentices, both in Cheap-side, Lumbard-street, Fish-street, Gracious-street, Broad-street, Fleet-street, Newgate-market, the Strand, Convent-garden; and all other places whatsoever, in and about the City of London, or parts adjacent. Likewise, their rare presidents and instructions, both to young-men and old, for the choosing of a good wife, or vertuous mistress; and how they shall know and distinguish an honest woman from an enticing and dissembling whore. Printed according to order; being pleasant for young-men, profitable for old-men, and hurtful to none.
|
| 246 |
2 |
|
|a Pray be not angry
|
| 246 |
2 |
|
|a Womens new law
|
| 260 |
|
|
|a London, :
|b Printed for George Horton,
|c 1656.
|
| 300 |
|
|
|a 1 online resource ([8] pages)
|
| 336 |
|
|
|a text
|b txt
|2 rdacontent
|
| 337 |
|
|
|a computer
|b c
|2 rdamedia
|
| 338 |
|
|
|a online resource
|b cr
|2 rdacarrier
|
| 500 |
|
|
|a By G. Thorowgood; leaf [A]2 signed: G. Thorowgood.
|
| 500 |
|
|
|a Annotation on Thomason copy: "August 11th".
|
| 500 |
|
|
|a Reproduction of the original in the British Library.
|
| 510 |
4 |
|
|a Wing (2nd edition)
|c T1064.
|
| 510 |
4 |
|
|a Thomason
|c E.885[7].
|
| 533 |
|
|
|a Electronic reproduction.
|b Ann Arbor, Mich. :
|c UMI,
|d 1999-
|f (Early English books online)
|n Digital version of: (Thomason Tracts ; 133:E885[7])
|7 s1999 miun s
|
| 650 |
|
0 |
|a Misogyny
|v Early works to 1800.
|
| 650 |
|
0 |
|a Women
|v Early works to 1800.
|
| 830 |
|
0 |
|a Early English books online.
|
| 856 |
4 |
0 |
|u http://proxy.library.tamu.edu/login?url=https://search.proquest.com/docview/2240969039
|z Connect to the full text of this electronic book
|t 0
|
| 999 |
f |
f |
|s 0c556c3f-63c5-305f-a280-7b61e8390b9f
|i 0231c228-54a5-3aaf-91ac-6dba7f3960a3
|t 0
|
| 952 |
f |
f |
|a Texas A&M University
|b College Station
|c Electronic Resources
|d Available Online
|t 0
|h No information provided
|
| 998 |
f |
f |
|t 0
|l Available Online
|